Statistics for Earliest Sports

Click here to take the quiz!

General Stats

  • This quiz has been taken 18 times
  • The average score is 6 of 15

Answer Stats

DateAnswer% Correct
1200 CESoccer
100%
1845Baseball
88%
1550Tennis
76%
1600'sCricket
71%
1855Ice hockey
59%
1500Golf
53%
1834Lacrosse
41%
1887Softball
29%
100 CESumo
18%
1839Horse Racing
12%
1896Olympics
12%
5000-300 BCETsu Chu
6%
776 BCEAncient Olympics
0%
1490 CEBicycle Racing
0%
1851Yacht Racing
0%

Score Distribution

Percentile by Number Answered

Percent of People with Each Score

Your Score History

You have not taken this quiz